000 01659ngm a22003850a 4500
001 PT46530
003 AR-LpoUNG
005 20210201235955.0
007 vd cvaizq
008 191001s2007||||ag |||||||||||||||||spa d
037 _c$7.50
040 _aAR-LpoUNG
_bspa
_cAR-LpoUNG
_eaacr
041 _aspa
_aita
_aeng
044 _aag
082 0 _a781.66 77luc
100 1 _aEspina, Rodrigo
_edir.
245 1 0 _aLuca
260 _aBuenos Aires :
_bSP,
_c2007.
300 _aDVD (90 min.) : son., col.
505 0 _aLibro cinematográfico: Rodrigo Espina y Aníbal Esmoris. Guión: Ricardo Becher, Hernán Jiménez y Rodrigo Espina. Estreno en Argentina: diciembre de 2007. Subtítulos en castellano e inglés. Apta para mayores de 13 años.
520 _a"Luca" es la historia de Luca Prodan, un joven italiano educado en los mejores colegios de Gran Bretaña, poseído por el frenesí del punk rock londinense de finales de los '70 y atrapado por la adicción a la heroína. Y es también la historia del "salto al vacío" que lo llevó a huir al "fin del mundo", a la Argentina de la dictadura militar previa a la guerra de Malvinas para formar allí "Sumo", la banda de rock que transformó a tres generaciones y que aun hoy, a veinte años de su muerte, sigue siendo un punto de referencia ineludible en la música sudamericana.
650 4 _aBIOGRAFIAS
650 4 _aCULTURA POPULAR
650 4 _aJUVENTUD
650 4 _aMUSICA
650 4 _aMUSICOS
651 4 _aArgentina
653 _aCINE ARGENTINO
653 _aDOCUMENTALES
653 _aDVD
653 _aMUSICAL
653 _aVIDEOS
905 _a46530
942 _cDVD
999 _c53900
_d53900